000
00286nam a22001337a 4500
003
SGT
020
_a
9781138643086
082
_a
741.6
_b
MEY
100
_a
MEYER CHRIS
245
_a
AFTER EFFECTS APPAENTICE
260
_a
UK
_b
ROUTLEDGE PUB
_c
2016
300
_a
418
942
_2
ddc
_c
BK
999
_c
34672
_d
34672